| 000 | 00717nam a2200205 u 4500 | ||
|---|---|---|---|
| 005 | 20221112063552.0 | ||
| 008 | 171108s2014 mx r 000 0 spa d | ||
| 020 | _a9786078345953 | ||
| 035 | _aUPN01000221517 | ||
| 049 | _aCG | ||
| 050 | 4 |
_aLB3013.3 _bP7.4 |
|
| 245 | 0 | 0 |
_aPrevenir, atender y tratar el bullying : _bsiete casos prácticos alrededor del mundo / _cAbraham Magendzo ... [et al.]. |
| 260 |
_aMéxico : _bNueva Editorial Iztaccíhuatl : _bCooperativa Editorial Magisterio, _c2014. |
||
| 300 | _a161 p. | ||
| 440 | 0 |
_aTransversales. _pCultura democrática |
|
| 650 | 7 |
_aAcoso en las escuelas _xPrevención _2 _922756 |
|
| 700 | 1 |
_aMagendzo, Abraham, _ecoaut. _929097 |
|
| 905 | _aLibro | ||
| 999 |
_c193614 _d193614 |
||